| 000 | 00769cam a2200205 4500 | ||
|---|---|---|---|
| 001 | WB3723-19 | ||
| 008 | 000000n2001 000 0 eng u | ||
| 035 | _a(Sirsi) u113062 | ||
| 245 | _aLondon lettings holding up well | ||
| 260 | _c2001 | ||
| 490 |
_aEstate Agency News _v 6 June 2001, 23(1) |
||
| 520 | _aThe slowdown in the US economy is showing no signs of affecting the London residential lettings market. Letting activity has been high this year and with steady growth in rental values as demand for good quality homes across London pushes rents up. | ||
| 590 | _aWB | ||
| 650 | _aRESIDENTIAL LETTINGS | ||
| 650 | _aRESIDENTIAL LETTINGS MARKET | ||
| 650 | _aRENTAL MARKET | ||
| 650 | _aLONDON | ||
| 690 | _aHOUSING-PRIVATE RENTED SECTOR | ||
| 942 | _n0 | ||
| 999 |
_c67302 _d67302 |
||